00380nam a2200157Ia 4500008004100000020001500041041001200056082001600068100001500084245003400099250000800133260003900141300000800180650001400188700002000202221030s9999 xx 000 0 und d a8178087294 aEnglish a105.23bLan aY. Langsam 0aData Structures Using C & C++ a2nd bPearson EducationaNew Delhic2002 a672 aComputers aA. M. Tanenbaum